Statistics for Breaking Bad Characters by Picture

Click here to take the quiz!

General Stats

  • This quiz has been taken 2,528 times
  • The average score is 17 of 20

Answer Stats

Answer% Correct
Walter White
100%
Gustavo Fring
98%
Jesse Pinkman
98%
Saul Goodman
98%
Hank Schrader
97%
Skyler White
97%
Mike Ehrmantraut
90%
Tuco Salamanca
89%
Walter White Jr.
89%
Hector Salamanca
87%
Badger
86%
Marie Schrader
82%
Jane Margolis
80%
Ted Beneke
77%
Skinny Pete
76%
Steve Gomez
70%
Holly White
66%
Todd Alquist
66%
Brock Cantillo
60%
Lydia Rodarte-Quayle
59%

Score Distribution

Percentile by Number Answered

Percent of People with Each Score

Your Score History

You have not taken this quiz